[Event "Open Hradec Kralove 2018"]
[Site "Hradec Kralove"]
[Date "2018.10.04"]
[Round "6"]
[White "Piankov, Evgenij"]
[Black "Plischki, Sebastian"]
[Result "1/2-1/2"]
[WhiteElo "2218"]
[BlackElo "2430"]
[PlyCount "74"]
[EventDate "2018.09.30"]

1. d4 d6 2. Nf3 Bg4 3. Bg5 Bxf3 4. exf3 c6 5. c3 h6 6. Bh4 Nd7 7. Qb3 Qb6 8.
Bc4 d5 9. Qxb6 axb6 10. Bd3 e6 11. O-O f5 12. Bg3 g5 13. f4 g4 14. Bh4 Ne7 15.
Bxe7 Bxe7 16. g3 h5 17. Nd2 h4 18. f3 hxg3 19. hxg3 Nf6 20. Kg2 Kf7 21. Be2 Bd6
22. fxg4 fxg4 23. a3 c5 24. Rh1 Rxh1 25. Rxh1 cxd4 26. cxd4 Rc8 27. Bd3 b5 28.
Nb3 b4 29. a4 Bb8 30. Rc1 Rxc1 31. Nxc1 Ba7 32. Nb3 Ke7 33. Kf2 Kd6 34. Be2
Ne4+ 35. Kg2 Nf6 36. Kf2 Ne4+ 37. Kg2 Nf6 1/2-1/2

[Event "Open Hradec Kralove 2018"]
[Site "Hradec Kralove"]
[Date "2018.10.04"]
[Round "6"]
[White "Kraus, Ondrej"]
[Black "Bartos, Jan"]
[Result "1/2-1/2"]
[WhiteElo "1943"]
[BlackElo "2216"]
[PlyCount "63"]
[EventDate "2018.09.30"]

1. e4 e6 2. d4 d5 3. e5 c5 4. c3 Nc6 5. Nf3 Bd7 6. Be2 Nge7 7. O-O Nf5 8. Bd3
cxd4 9. Bxf5 exf5 10. Bg5 Qb6 11. Qe2 h6 12. Bf4 dxc3 13. Nxc3 Be6 14. Rac1 a6
15. Rfd1 Rd8 16. Bd2 d4 17. Na4 Qa7 18. Qd3 Be7 19. a3 O-O 20. b4 Rd5 21. Re1
Rc8 22. h3 b5 23. Nb2 a5 24. bxa5 Nxa5 25. Rxc8+ Bxc8 26. Rc1 Be6 27. Bb4 Bxb4
28. axb4 Nb7 29. Qc2 Qa3 30. Nd3 Rd8 31. Qd2 Bc4 32. Nb2 1/2-1/2

[Event "Open Hradec Kralove 2018"]
[Site "Hradec Kralove"]
[Date "2018.10.04"]
[Round "6"]
[White "Hoerr, Matthias"]
[Black "Skorna, Ullrich"]
[Result "1-0"]
[WhiteElo "2208"]
[BlackElo "2090"]
[PlyCount "115"]
[EventDate "2018.09.30"]

1. Nf3 d5 2. c4 e6 3. g3 c5 4. b3 Be7 5. Bb2 Bf6 6. Bxf6 Qxf6 7. Nc3 d4 8. Ne4
Qe7 9. b4 cxb4 10. c5 Nc6 11. a3 bxa3 12. Qa4 e5 13. Bg2 Nf6 14. Nd6+ Kf8 15.
Ng5 Nd8 16. Qxa3 h6 17. Nge4 Nxe4 18. Bxe4 g6 19. O-O Nc6 20. f4 f5 21. Bxc6
bxc6 22. Qa4 Bd7 23. Rab1 Rh7 24. Rb7 Qe6 25. Rfb1 Re7 26. Rc7 Qd5 27. Rbb7
Qxc5 28. Rxd7 Rxd7 29. Rxd7 d3+ 30. Kg2 dxe2 31. Qb3 Qd5+ 32. Qxd5 cxd5 33. Kf2
exf4 34. gxf4 a5 35. Kxe2 a4 36. Rf7+ Kg8 37. Rc7 a3 38. Rc1 Ra4 39. Ke3 Rb4
40. Rc8+ Kg7 41. Ra8 Rb3+ 42. Kd4 Rb2 43. Ke5 g5 44. Nxf5+ Kg6 45. Ra6+ Kh5 46.
Rxh6+ Kg4 47. Ne3+ Kf3 48. fxg5 a2 49. Ra6 Rxd2 50. Nxd5 Rxh2 51. Kf5 Rc2 52.
Ra3+ Kf2 53. g6 Ke1 54. g7 Rg2 55. Kf6 Rf2+ 56. Ke7 Re2+ 57. Kf7 Rf2+ 58. Nf6
1-0

[Event "Open Hradec Kralove 2018"]
[Site "Hradec Kralove"]
[Date "2018.10.04"]
[Round "6"]
[White "Ouaret, Abdelouhab"]
[Black "Zaehringer, Daniel"]
[Result "1/2-1/2"]
[WhiteElo "2094"]
[BlackElo "2110"]
[PlyCount "32"]
[EventDate "2018.09.30"]

1. Nf3 d5 2. g3 Nf6 3. Bg2 e6 4. O-O Be7 5. b3 O-O 6. Bb2 a5 7. d4 a4 8. a3 b6
9. c4 axb3 10. Qxb3 Bb7 11. Nbd2 Nc6 12. Qc2 Na5 13. Ne5 Nd7 14. Nxd7 Qxd7 15.
Rfc1 Rfc8 16. c5 Ba6 1/2-1/2

[Event "Open Hradec Kralove 2018"]
[Site "Hradec Kralove"]
[Date "2018.10.04"]
[Round "6"]
[White "Jirasek, Pavel"]
[Black "Machalec, Vladimir"]
[Result "1-0"]
[WhiteElo "2249"]
[BlackElo "1803"]
[PlyCount "61"]
[EventDate "2018.09.30"]

1. e4 c5 2. Nf3 Nc6 3. Bb5 g6 4. O-O Bg7 5. c3 Nf6 6. Re1 O-O 7. h3 Qb6 8. Bf1
e5 9. d3 d5 10. Nbd2 d4 11. cxd4 cxd4 12. Nc4 Qc7 13. Bg5 Re8 14. Rc1 Qd7 15.
Qd2 b5 16. Na5 Bb7 17. Rc5 a6 18. Nxc6 Bxc6 19. Rec1 Rac8 20. Nxe5 Rxe5 21.
Rxe5 Nxe4 22. Rxe4 Bxe4 23. Rxc8+ Qxc8 24. dxe4 Qe6 25. Qc2 h6 26. Bd2 Qxa2 27.
Bd3 Qe6 28. Bb4 Qd7 29. Qc5 Qd8 30. Qd5 Qc8 31. Bc5 1-0

[Event "Open Hradec Kralove 2018"]
[Site "Hradec Kralove"]
[Date "2018.10.04"]
[Round "6"]
[White "Valenti, Richard"]
[Black "Gloser, David"]
[Result "0-1"]
[WhiteElo "2037"]
[BlackElo "1940"]
[PlyCount "40"]
[EventDate "2018.09.30"]

1. Nf3 g6 2. g3 Bg7 3. Bg2 e5 4. d3 d6 5. O-O Nc6 6. c4 f5 7. Nc3 Nf6 8. Rb1 h6
9. b4 O-O 10. b5 Ne7 11. Bh3 Be6 12. Nd2 Rb8 13. Qc2 f4 14. c5 Nf5 15. Nc4 Ne8
16. b6 axb6 17. cxd6 Nexd6 18. Nxd6 cxd6 19. Nd5 Nd4 20. Qd2 f3 0-1

[Event "Open Hradec Kralove 2018"]
[Site "Hradec Kralove"]
[Date "2018.10.04"]
[Round "6"]
[White "Kaplan, Daniel"]
[Black "Clark, Robert G"]
[Result "1/2-1/2"]
[WhiteElo "2017"]
[BlackElo "2025"]
[PlyCount "115"]
[EventDate "2018.09.30"]

1. d4 Nf6 2. Bg5 e6 3. Nf3 d5 4. e3 Be7 5. Bd3 h6 6. Bh4 c5 7. c3 Nc6 8. Nbd2
Bd7 9. O-O O-O 10. Re1 Rc8 11. Bb1 Ng4 12. Bxe7 Qxe7 13. h3 Nf6 14. Nb3 b6 15.
Nbd2 Rfd8 16. Qe2 e5 17. dxe5 Nxe5 18. Bc2 Bc6 19. Rad1 g6 20. Bb3 Kg7 21. Bc2
Rc7 22. Nxe5 Qxe5 23. Bd3 Ba4 24. Rc1 Qe8 25. Bc2 Bxc2 26. Rxc2 Re7 27. Nf1 Ne4
28. Rcc1 Rd6 29. Qd3 Qc6 30. Nd2 Nf6 31. Red1 Nd7 32. Nc4 Ne5 33. Nxe5 Rxe5 34.
Rc2 Qa4 35. b3 Qh4 36. Rcd2 Rg5 37. Kh2 Rf5 38. g3 Qf6 39. f4 Rh5 40. g4 Rh4
41. e4 Re6 42. exd5 Rd6 43. Rf2 g5 44. Qg3 Qe7 45. c4 b5 46. Qc3+ Kh7 47. Re1
Qd7 48. f5 h5 49. gxh5 Rh6 50. f6 R6xh5 51. Qd3+ Kh6 52. Rf3 g4 53. Qe3+ Kh7
54. Qe4+ Kh6 55. Qf4+ Kh7 56. Qe4+ Kh6 57. Qf4+ Kh7 58. Qe4+ 1/2-1/2

[Event "Open Hradec Kralove 2018"]
[Site "Hradec Kralove"]
[Date "2018.10.04"]
[Round "6"]
[White "Starosta, Martyna"]
[Black "Malinovsky, Petr"]
[Result "1/2-1/2"]
[WhiteElo "1700"]
[BlackElo "2014"]
[PlyCount "52"]
[EventDate "2018.09.30"]

1. e4 c5 2. Nf3 g6 3. d4 cxd4 4. Nxd4 Nc6 5. c4 Nf6 6. Nc3 d6 7. Be2 Nxd4 8.
Qxd4 Bg7 9. Qd3 O-O 10. O-O Be6 11. Nd5 Nxd5 12. cxd5 Bd7 13. Be3 Qa5 14. Bd2
Qb6 15. Bc3 Rfc8 16. Bxg7 Kxg7 17. Qd2 Rc7 18. Rac1 Rac8 19. Rxc7 Rxc7 20. Rc1
Rxc1+ 21. Qxc1 Qb4 22. Bd3 Qd4 23. Qc2 b6 24. h3 Qc5 25. Qd2 Qd4 26. Qc2 Qc5
1/2-1/2

[Event "Open Hradec Kralove 2018"]
[Site "Hradec Kralove"]
[Date "2018.10.04"]
[Round "6"]
[White "Kolesnikova, Kristina"]
[Black "Seemann, Jakub"]
[Result "1-0"]
[WhiteElo "2008"]
[BlackElo "1789"]
[PlyCount "63"]
[EventDate "2018.09.30"]

1. Nf3 Nf6 2. e3 g6 3. b4 Bg7 4. Bb2 O-O 5. c4 d5 6. cxd5 Nxd5 7. Bxg7 Kxg7 8.
a3 b6 9. Be2 Bb7 10. O-O e6 11. Qb3 Nd7 12. d4 N5f6 13. Nbd2 Ne4 14. Nxe4 Bxe4
15. Rac1 c6 16. Qc3 Bd5 17. Nd2 f5 18. f3 Nf6 19. Bd3 c5 20. dxc5 bxc5 21. bxc5
Rc8 22. Rfd1 Qe7 23. e4 Bc6 24. Re1 Qc7 25. Nb3 fxe4 26. Bxe4 Bxe4 27. Rxe4 Kg8
28. Rxe6 Qf4 29. Ree1 Rb8 30. Nd4 Rfe8 31. Ne6 Qf5 32. g4 1-0

[Event "Open Hradec Kralove 2018"]
[Site "Hradec Kralove"]
[Date "2018.10.04"]
[Round "6"]
[White "Fischer, Erik"]
[Black "Aird, Ian"]
[Result "1/2-1/2"]
[WhiteElo "1947"]
[BlackElo "1857"]
[PlyCount "39"]
[EventDate "2018.09.30"]

1. e4 e6 2. d4 d5 3. Nc3 Nf6 4. exd5 exd5 5. Bd3 Bg4 6. f3 Bh5 7. Nge2 Bg6 8.
O-O Be7 9. Ng3 O-O 10. Nf5 Bb4 11. Ne2 c6 12. Bg5 Re8 13. Neg3 Nbd7 14. f4 Bxf5
15. Nxf5 Qc7 16. Qf3 Re6 17. c3 Bf8 18. Rae1 Rae8 19. Bh4 Ne4 20. Bxe4 1/2-1/2

[Event "Open Hradec Kralove 2018"]
[Site "Hradec Kralove"]
[Date "2018.10.04"]
[Round "6"]
[White "Nemec, Otakar"]
[Black "Mathisen, Runar"]
[Result "1-0"]
[WhiteElo "1886"]
[BlackElo "1847"]
[PlyCount "69"]
[EventDate "2018.09.30"]

1. e4 d5 2. exd5 Nf6 3. d4 Bg4 4. Be2 Bxe2 5. Qxe2 Qxd5 6. Nf3 e6 7. O-O Nc6 8.
Be3 Be7 9. c4 Qf5 10. Nc3 O-O 11. h3 Ne4 12. Nxe4 Qxe4 13. Rfd1 f5 14. Qd3 Qxd3
15. Rxd3 f4 16. Bd2 Rad8 17. Re1 e5 18. d5 Bf6 19. Rb3 Nd4 20. Nxd4 exd4 21.
Rxb7 Rb8 22. Rxb8 Rxb8 23. b3 g5 24. Re6 Rb6 25. Rxb6 axb6 26. Kf1 Kf7 27. Ke2
Kg6 28. a4 Kf5 29. Kd3 Ke5 30. Bc1 Be7 31. Bb2 Bc5 32. f3 h6 33. Ba1 c6 34.
dxc6 Kd6 35. Bxd4 1-0

[Event "Open Hradec Kralove 2018"]
[Site "Hradec Kralove"]
[Date "2018.10.04"]
[Round "6"]
[White "Majerik, Vladimir"]
[Black "Vacek, Jaroslav"]
[Result "1-0"]
[WhiteElo "1847"]
[BlackElo "1661"]
[PlyCount "47"]
[EventDate "2018.09.30"]

1. d4 Nf6 2. Nf3 e6 3. Bg5 Be7 4. Nbd2 Nd5 5. Bxe7 Nxe7 6. e3 d5 7. Bd3 h6 8.
O-O O-O 9. c3 b6 10. Qe2 a5 11. Rac1 Na6 12. Ne5 Bb7 13. f4 f5 14. Kh1 Nc8 15.
Qh5 Ne7 16. Rg1 Qe8 17. Qh4 Ng6 18. Nxg6 Qxg6 19. g4 Qf6 20. g5 Qe7 21. Nf3 Qd8
22. gxh6 Qf6 23. Qh5 Bc6 24. hxg7 1-0

[Event "Open Hradec Kralove 2018"]
[Site "Hradec Kralove"]
[Date "2018.10.04"]
[Round "6"]
[White "Bartos, Karel"]
[Black "Palla, Rostislav"]
[Result "1/2-1/2"]
[WhiteElo "1843"]
[BlackElo "1620"]
[PlyCount "53"]
[EventDate "2018.09.30"]

1. e4 c5 2. c3 d5 3. exd5 Qxd5 4. Nf3 Nf6 5. d4 e6 6. a3 a6 7. Bd3 c4 8. Bc2 b5
9. Bf4 Bb7 10. Nbd2 Bd6 11. Bxd6 Qxd6 12. Qe2 O-O 13. O-O Nbd7 14. Rfe1 Rfe8
15. Ng5 Qf4 16. Qe3 Qxe3 17. Rxe3 h6 18. Nge4 g6 19. Nd6 Reb8 20. Nxb7 Rxb7 21.
Ne4 Rd8 22. Nxf6+ Nxf6 23. Rae1 Nd5 24. Re5 Rbd7 25. Be4 Kg7 26. Bxd5 Rxd5 27.
Kf1 1/2-1/2

[Event "Open Hradec Kralove 2018"]
[Site "Hradec Kralove"]
[Date "2018.10.04"]
[Round "6"]
[White "Smietanska, Wiktoria"]
[Black "Berka, Lubos"]
[Result "1-0"]
[WhiteElo "1315"]
[BlackElo "1796"]
[PlyCount "35"]
[EventDate "2018.09.30"]

1. d4 Nf6 2. Nc3 g6 3. e4 d6 4. f3 Bg7 5. Be3 O-O 6. Qd2 a5 7. g4 Na6 8. Bh6 c5
9. d5 Bd7 10. h4 Bxh6 11. Qxh6 Kh8 12. h5 Ng8 13. Qf4 Nc7 14. g5 Be8 15. hxg6
fxg6 16. Qxf8 e5 17. f4 Qd7 18. Bh3 1-0

[Event "Open Hradec Kralove 2018"]
[Site "Hradec Kralove"]
[Date "2018.10.04"]
[Round "6"]
[White "Vochozka, Jindrich"]
[Black "Voith, Walter"]
[Result "1-0"]
[WhiteElo "1795"]
[BlackElo "1446"]
[PlyCount "59"]
[EventDate "2018.09.30"]

1. d4 Nf6 2. Nf3 g6 3. g3 b6 4. Bg2 Bb7 5. O-O Bg7 6. c3 d6 7. Re1 O-O 8. Nbd2
Nbd7 9. Qc2 e5 10. Nxe5 Bxg2 11. Nxd7 Bh3 12. Nxf6+ Qxf6 13. f3 Bf5 14. e4 Bd7
15. Rf1 Bh6 16. Nc4 Bxc1 17. Raxc1 h5 18. Ne3 c6 19. Rf2 Bh3 20. f4 Rfe8 21.
Re1 Qe6 22. e5 dxe5 23. fxe5 Qxa2 24. Qe4 Qe6 25. Qh4 Kg7 26. Rf6 Qd7 27. Re2
Re7 28. Rd6 Qxd6 29. exd6 Bg4 30. Nf5+ 1-0

[Event "Open Hradec Kralove 2018"]
[Site "Hradec Kralove"]
[Date "2018.10.04"]
[Round "6"]
[White "Jedlickova, Petra"]
[Black "Mehdi, Billal"]
[Result "1-0"]
[WhiteElo "1774"]
[BlackElo "1285"]
[PlyCount "73"]
[EventDate "2018.09.30"]

1. c4 e5 2. g3 Nf6 3. Bg2 d5 4. cxd5 Nxd5 5. Nc3 Nb6 6. d3 Bc5 7. Nf3 Nc6 8. b3
h6 9. Bb2 Be6 10. O-O f6 11. Ne4 Be7 12. Rc1 Qd7 13. Nc5 Bxc5 14. Rxc5 Bh3 15.
Ba3 Bxg2 16. Kxg2 Rd8 17. Qc1 Qe6 18. Qe3 Rd5 19. Rfc1 Nd7 20. Rxc6 bxc6 21.
Qxa7 Rb5 22. Qxc7 Nb8 23. Qxg7 Rg8 24. Qxh6 Ra5 25. Bb2 Qf7 26. Bc3 Rxa2 27.
Qh3 Nd7 28. Bb4 Qxb3 29. Rxc6 Ra8 30. Qh7 Qf7 31. Qe4 Rb8 32. Bd6 Ra8 33. Rc7
Rd8 34. d4 f5 35. Qb7 e4 36. Ne5 Qe6 37. Rxd7 1-0

[Event "Open Hradec Kralove 2018"]
[Site "Hradec Kralove"]
[Date "2018.10.04"]
[Round "6"]
[White "Voriskova, Anna"]
[Black "Mc Aleenan, Charles"]
[Result "1-0"]
[WhiteElo "1563"]
[BlackElo "1760"]
[PlyCount "29"]
[EventDate "2018.09.30"]

1. e4 d5 2. exd5 Qxd5 3. Nc3 Qd6 4. Nf3 Nf6 5. d4 c6 6. Be2 Bf5 7. Ne5 Nbd7 8.
Bf4 Nxe5 9. Bxe5 Qd7 10. Qd2 e6 11. O-O-O Be7 12. Kb1 O-O-O 13. Bf3 Rhg8 14.
Nb5 b6 15. Bxc6 1-0

[Event "Open Hradec Kralove 2018"]
[Site "Hradec Kralove"]
[Date "2018.10.05"]
[Round "7"]
[White "Piankov, Evgenij"]
[Black "Cerveny, Martin"]
[Result "1-0"]
[WhiteElo "2218"]
[BlackElo "2329"]
[PlyCount "154"]
[EventDate "2018.09.30"]

1. d4 d5 2. Nf3 Nf6 3. c4 c6 4. Nc3 dxc4 5. a4 Bf5 6. e3 e6 7. Bxc4 Bb4 8. O-O
O-O 9. Qb3 Qe7 10. h3 Ne4 11. Rd1 a5 12. Bd3 Nd6 13. Na2 Bxd3 14. Qxd3 Na6 15.
Ne5 Rfd8 16. Nxb4 Nxb4 17. Qb3 c5 18. Bd2 Nc6 19. Nxc6 bxc6 20. Be1 cxd4 21.
Rxd4 c5 22. Rdd1 Qc7 23. Qc2 h6 24. Rac1 Nb7 25. Qe4 Rd7 26. Bc3 Rad8 27. Rxd7
Qxd7 28. Qg4 f5 29. Qc4 Kf7 30. Qh4 Kg8 31. e4 Re8 32. exf5 exf5 33. Qc4+ Kh7
34. Qb3 Re7 35. Rd1 Qc6 36. Rd5 Qe6 37. Qd1 Qe4 38. Rd3 Qc6 39. Rd5 Rf7 40. Qd3
Qg6 41. Re5 h5 42. Qd5 h4 43. Re6 Qg5 44. Re8 Qg6 45. Rb8 f4 46. f3 Nd6 47. Rb6
Rd7 48. Qe5 Nc4 49. Rxg6 Nxe5 50. Ra6 Nc4 51. Kf2 Nxb2 52. Ke2 Nxa4 53. Bxa5
Nb2 54. Rc6 Re7+ 55. Kf1 Nd3 56. Rd6 Ne5 57. Bc3 Nc4 58. Rc6 Re3 59. Be1 Re5
60. Bxh4 Ne3+ 61. Kg1 Rd5 62. g4 c4 63. Be1 Rd3 64. Kf2 g5 65. Ke2 Ra3 66. Bd2
Ra2 67. Ke1 Nc2+ 68. Kd1 Nd4 69. Rxc4 Nxf3 70. Bc3 Rh2 71. Rc7+ Kg8 72. Bf6
Rd2+ 73. Kc1 Rd5 74. Ra7 Kf8 75. Be7+ Ke8 76. Bf6 Ng1 77. h4 f3 1-0

[Event "Open Hradec Kralove 2018"]
[Site "Hradec Kralove"]
[Date "2018.10.05"]
[Round "7"]
[White "Neckar, Lubomir"]
[Black "Hoerr, Matthias"]
[Result "1-0"]
[WhiteElo "2281"]
[BlackElo "2208"]
[PlyCount "73"]
[EventDate "2018.09.30"]

1. Nf3 {[%emt 0:00:00]} c5 2. g3 g6 3. Bg2 Bg7 4. c4 Nc6 5. Nc3 d6 6. O-O e5 7.
Ne1 Nge7 8. Nc2 O-O 9. a3 Be6 10. Ne3 Rb8 11. Ned5 a6 12. Rb1 b5 13. d3 h6 14.
Bd2 f5 15. b4 bxc4 16. dxc4 e4 17. f3 exf3 18. exf3 Re8 19. f4 Nd4 20. Qa4 cxb4
21. axb4 Qc8 22. Qa2 Kh7 23. Rfe1 Nec6 24. Kh1 Bxd5 25. Nxd5 Ne2 26. Qc2 Qd7
27. Qd3 Ned4 28. Bc3 Qa7 29. h3 Kh8 30. Kh2 Kh7 31. b5 Rxe1 32. Bxe1 axb5 33.
cxb5 Qa2 34. Nc3 Nf3+ 35. Qxf3 Bxc3 36. Bxc3 Qxb1 37. Qxc6 1-0

[Event "Open Hradec Kralove 2018"]
[Site "Hradec Kralove"]
[Date "2018.10.05"]
[Round "7"]
[White "Plischki, Sebastian"]
[Black "Kraus, Ondrej"]
[Result "1-0"]
[WhiteElo "2430"]
[BlackElo "1943"]
[PlyCount "57"]
[EventDate "2018.09.30"]

1. c4 e5 2. Nf3 Nc6 3. d4 exd4 4. Nxd4 Bc5 5. Nxc6 Qf6 6. e3 Qxc6 7. Nc3 Nf6 8.
a3 Qe6 9. Be2 O-O 10. O-O b6 11. b4 Be7 12. Bb2 Bb7 13. Rc1 Rac8 14. Nb5 c5 15.
Nxa7 Ra8 16. Nb5 cxb4 17. Nd4 Qe5 18. axb4 Bd6 19. g3 Bxb4 20. Rb1 Qc5 21. Bf3
Bxf3 22. Qxf3 Ba3 23. Ra1 Bxb2 24. Rxa8 Bxd4 25. Rxf8+ Kxf8 26. exd4 Qxd4 27.
Qa8+ Ke7 28. Re1+ Kd6 29. Qf8+ 1-0

[Event "Open Hradec Kralove 2018"]
[Site "Hradec Kralove"]
[Date "2018.10.05"]
[Round "7"]
[White "Bartos, Jan"]
[Black "Jirasek, Pavel"]
[Result "1/2-1/2"]
[WhiteElo "2216"]
[BlackElo "2249"]
[PlyCount "37"]
[EventDate "2018.09.30"]

1. d4 Nf6 2. c4 e6 3. g3 Bb4+ 4. Bd2 Qe7 5. Nf3 Nc6 6. Nc3 Bxc3 7. Bxc3 Ne4 8.
Rc1 d6 9. d5 Nxc3 10. Rxc3 Nb8 11. dxe6 fxe6 12. Bg2 Nc6 13. Nd4 Bd7 14. c5 d5
15. O-O O-O 16. e4 Qf6 17. Nxc6 bxc6 18. Qa4 Rab8 19. Qxa7 1/2-1/2

[Event "Open Hradec Kralove 2018"]
[Site "Hradec Kralove"]
[Date "2018.10.05"]
[Round "7"]
[White "Gloser, David"]
[Black "Ouaret, Abdelouhab"]
[Result "1/2-1/2"]
[WhiteElo "1940"]
[BlackElo "2094"]
[PlyCount "37"]
[EventDate "2018.09.30"]

1. e4 e5 2. Nf3 Nc6 3. Bc4 Bc5 4. c3 Nf6 5. d3 d6 6. Bb3 O-O 7. Nbd2 a6 8. h3
Ba7 9. Nf1 Ne7 10. g4 Ng6 11. Ng3 Be6 12. g5 Nd7 13. h4 Bg4 14. Nf5 Nf4 15. Rg1
Bh5 16. Ng3 Bg4 17. Nf5 Bh5 18. Ng3 Bg4 19. Nf5 1/2-1/2

[Event "Open Hradec Kralove 2018"]
[Site "Hradec Kralove"]
[Date "2018.10.05"]
[Round "7"]
[White "Zaehringer, Daniel"]
[Black "Kaplan, Daniel"]
[Result "1-0"]
[WhiteElo "2110"]
[BlackElo "2017"]
[PlyCount "49"]
[EventDate "2018.09.30"]

1. Nf3 f5 2. c4 Nf6 3. g3 e6 4. Bg2 Be7 5. O-O O-O 6. b3 c6 7. Bb2 d5 8. d3
Nbd7 9. Nbd2 Nc5 10. Qc2 b6 11. Rad1 Na6 12. e4 Bb7 13. exf5 exf5 14. Rfe1 Nc7
15. Ne5 f4 16. Ndf3 fxg3 17. fxg3 Bb4 18. Rf1 Qd6 19. Qc1 Qd8 20. Kh1 Bd6 21.
Nh4 Ne6 22. Nf5 Bc7 23. Rde1 Nc5 24. Qg5 g6 25. Nxg6 1-0

[Event "Open Hradec Kralove 2018"]
[Site "Hradec Kralove"]
[Date "2018.10.05"]
[Round "7"]
[White "Toman, Jaroslav"]
[Black "Bensadi, Lotfi"]
[Result "1-0"]
[WhiteElo "2232"]
[BlackElo "1925"]
[PlyCount "77"]
[EventDate "2018.09.30"]

1. e4 {[%emt 0:00:00]} c5 2. Nf3 d6 3. d4 cxd4 4. Qxd4 Nc6 5. Bb5 Bd7 6. Qd2
Nf6 7. Nc3 a6 8. Bd3 g6 9. b3 Bg7 10. Bb2 O-O 11. O-O Rc8 12. a3 Bg4 13. Ne1 d5
14. exd5 Nxd5 15. Nd1 e5 16. f3 Be6 17. Qf2 Nf4 18. Ne3 Nd4 19. Rd1 Qc7 20. Kh1
Rfd8 21. g3 Nh3 22. Qg2 b5 23. Ra1 Qc5 24. Ng4 Ng5 25. Nf2 f5 26. Nh3 Ngxf3 27.
Nxf3 Nxf3 28. Rxf3 e4 29. Ng5 exf3 30. Qh3 h5 31. Nxe6 Qe3 32. Nxg7 Rxd3 33.
Nxf5 Qe2 34. cxd3 Qxb2 35. Ne7+ Kf7 36. Re1 Rc1 37. Qe6+ Ke8 38. Nf5+ Kd8 39.
Qe7+ 1-0

[Event "Open Hradec Kralove 2018"]
[Site "Hradec Kralove"]
[Date "2018.10.05"]
[Round "7"]
[White "Skorna, Ullrich"]
[Black "Starosta, Martyna"]
[Result "1-0"]
[WhiteElo "2090"]
[BlackElo "1700"]
[PlyCount "99"]
[EventDate "2018.09.30"]

1. e4 e5 2. Nf3 Nc6 3. Bb5 a6 4. Ba4 Nf6 5. d3 b5 6. Bb3 Bc5 7. c3 O-O 8. O-O
d6 9. h3 h6 10. a4 Bb7 11. Re1 Ba7 12. Nbd2 Ne7 13. Nf1 Ng6 14. Ng3 c5 15. Bd2
Bc8 16. d4 cxd4 17. cxd4 Be6 18. Bxe6 fxe6 19. Qb3 Qe8 20. axb5 axb5 21. Ra6
Bxd4 22. Rxd6 Rd8 23. Rxd8 Qxd8 24. Qxe6+ Kh7 25. Bb4 Nf4 26. Nxd4 Qxd4 27. Qd6
Nd3 28. Qxd4 exd4 29. Bxf8 Nxe1 30. Kf1 Nd3 31. b4 Nd7 32. Bd6 N7e5 33. Bxe5
Nxe5 34. Ne2 Nc6 35. Ke1 Kg6 36. Kd2 Kf6 37. Kd3 Nxb4+ 38. Kxd4 Nc2+ 39. Kd5 g5
40. Kd6 b4 41. e5+ Kf7 42. Kd7 b3 43. e6+ Kf6 44. e7 Nd4 45. Nxd4 b2 46. e8=Q
b1=Q 47. Qe6+ Kg7 48. Nf5+ Kh7 49. Qxh6+ Kg8 50. Qg7# 1-0

[Event "Open Hradec Kralove 2018"]
[Site "Hradec Kralove"]
[Date "2018.10.05"]
[Round "7"]
[White "Clark, Robert G"]
[Black "Kolesnikova, Kristina"]
[Result "1-0"]
[WhiteElo "2025"]
[BlackElo "2008"]
[PlyCount "65"]
[EventDate "2018.09.30"]

1. c4 {[%emt 0:00:00]} Nf6 2. g3 e5 3. Bg2 g6 4. Nc3 Bg7 5. d3 O-O 6. Nf3 d6 7.
O-O h6 8. Rb1 Nh5 9. b4 f5 10. Bd2 g5 11. Ne1 f4 12. c5 g4 13. cxd6 Qxd6 14.
Rc1 c6 15. b5 Be6 16. Ne4 Qe7 17. Qa4 Rd8 18. Bb4 Qe8 19. Nd6 Qd7 20. Nxb7 Qxb7
21. bxc6 Nxc6 22. Bxc6 Qf7 23. Bxa8 Rxa8 24. Qa5 Kh8 25. Rc7 Qg8 26. Bc3 Bd5
27. Rd7 Nf6 28. Rd6 Re8 29. gxf4 Ba8 30. Bxe5 Qf7 31. Rd8 Qb7 32. e4 Kh7 33.
Bxf6 1-0

[Event "Open Hradec Kralove 2018"]
[Site "Hradec Kralove"]
[Date "2018.10.05"]
[Round "7"]
[White "Malinovsky, Petr"]
[Black "Nemec, Otakar"]
[Result "1-0"]
[WhiteElo "2014"]
[BlackElo "1886"]
[PlyCount "69"]
[EventDate "2018.09.30"]

1. d4 {[%emt 0:00:00]} Nf6 2. c4 g6 3. f3 d5 4. cxd5 Nxd5 5. e4 Nb6 6. Nc3 Bg7
7. Be3 O-O 8. Qd2 Nc6 9. O-O-O e5 10. d5 Ne7 11. g4 f5 12. gxf5 gxf5 13. Bh6
Ng6 14. h4 fxe4 15. h5 Nf4 16. Bxg7 Kxg7 17. fxe4 Kh8 18. Kb1 Qe7 19. Rc1 Bd7
20. Nce2 Nxe2 21. Bxe2 Qd6 22. Nf3 c6 23. Nh4 Rf4 24. Rcg1 Qf6 25. Ng6+ hxg6
26. hxg6+ Kg8 27. g7 Rh4 28. Rxh4 Qxh4 29. Bf3 Kf7 30. Qg2 Rg8 31. Qg6+ Ke7 32.
d6+ Kd8 33. Qf7 Rxg7 34. Qxg7 Kc8 35. Rh1 1-0

[Event "Open Hradec Kralove 2018"]
[Site "Hradec Kralove"]
[Date "2018.10.05"]
[Round "7"]
[White "Majerik, Vladimir"]
[Black "Valenti, Richard"]
[Result "1/2-1/2"]
[WhiteElo "1847"]
[BlackElo "2037"]
[PlyCount "21"]
[EventDate "2018.09.30"]

1. d4 {[%emt 0:00:00]} g6 2. Nf3 Bg7 3. Bg5 Nf6 4. Nbd2 O-O 5. e4 d5 6. exd5
Nxd5 7. c3 Nd7 8. Be2 h6 9. Bh4 N7f6 10. Bg3 c6 11. O-O 1/2-1/2

[Event "Open Hradec Kralove 2018"]
[Site "Hradec Kralove"]
[Date "2018.10.05"]
[Round "7"]
[White "Gokhale, Anupama"]
[Black "Mares, Ilja"]
[Result "1-0"]
[WhiteElo "1964"]
[BlackElo "1803"]
[PlyCount "131"]
[EventDate "2018.09.30"]

1. d4 Nf6 2. c4 e6 3. g3 d5 4. Nf3 Be7 5. Bg2 O-O 6. O-O b6 7. Ne5 Bb7 8. Nc3
c6 9. b3 Nbd7 10. cxd5 cxd5 11. Bb2 Rc8 12. Rc1 Ne8 13. Nd3 Ba6 14. Qd2 Bxd3
15. Qxd3 Nd6 16. e3 Nf6 17. Rc2 Qd7 18. Rfc1 Rc7 19. f3 Rfc8 20. Bf1 Nfe8 21.
Qd2 b5 22. Bd3 b4 23. Na4 Rxc2 24. Rxc2 Rxc2 25. Qxc2 Qc8 26. Bxh7+ Kf8 27.
Qxc8 Nxc8 28. Bd3 Nc7 29. Kf2 Nd6 30. Bc1 Ndb5 31. Bd2 f6 32. h4 e5 33. dxe5
fxe5 34. Ke2 d4 35. exd4 Nxd4+ 36. Kf2 Nd5 37. Bc4 Nf6 38. Be3 g6 39. Nb2 Bc5
40. Nd3 Bd6 41. g4 a5 42. g5 Nd7 43. f4 Nf5 44. fxe5 Nxe5 45. Nxe5 Bxe5 46. Bb6
Nxh4 47. Bxa5 Bd6 48. Bd3 Ke7 49. Bb6 Ke6 50. Be4 Be7 51. Kg3 Nf5+ 52. Kg4 Ke5
53. Bd3 Bd6 54. Bg1 Ne7 55. Bh2+ Ke6 56. Bg1 Kd5 57. Kf3 Be5 58. Bc4+ Kd6 59.
Ke4 Bg7 60. Bf7 Bc3 61. Bh2+ Kc6 62. Be8+ Kc5 63. Bg1+ Kd6 64. Bh2+ Ke6 65. Bf4
Bb2 66. Bd2 1-0

[Event "Open Hradec Kralove 2018"]
[Site "Hradec Kralove"]
[Date "2018.10.05"]
[Round "7"]
[White "Fischer, Erik"]
[Black "Michel, Ladislav"]
[Result "1-0"]
[WhiteElo "1947"]
[BlackElo "1809"]
[PlyCount "75"]
[EventDate "2018.09.30"]

1. e4 {[%emt 0:00:00]} c5 2. Nf3 Nc6 3. Bb5 e6 4. Bxc6 bxc6 5. d3 d5 6. c4 Qa5+
7. Bd2 Qb6 8. b3 d4 9. O-O Bd6 10. e5 Bb8 11. Re1 Ne7 12. Ng5 h6 13. Nh3 Ng6
14. f4 a5 15. a4 Ra7 16. Bc1 Rb7 17. Nd2 Ne7 18. Rb1 Nf5 19. Ne4 Qb4 20. Bd2
Qb6 21. Qf3 Bd7 22. g4 Nh4 23. Qf2 Ng6 24. Ng3 Qd8 25. Kg2 Nh4+ 26. Kh1 Ng6 27.
Ng1 Bc7 28. Ne4 Qe7 29. Nf3 O-O 30. Rb2 Rfb8 31. Reb1 f6 32. exf6 gxf6 33. Nh4
Nxh4 34. Qxh4 Kg7 35. g5 fxg5 36. Rg1 Rxb3 37. Rxb3 Rxb3 38. Nxg5 1-0

[Event "Open Hradec Kralove 2018"]
[Site "Hradec Kralove"]
[Date "2018.10.05"]
[Round "7"]
[White "Kudr, Roman"]
[Black "Vochozka, Jindrich"]
[Result "1/2-1/2"]
[WhiteElo "1909"]
[BlackElo "1795"]
[PlyCount "42"]
[EventDate "2018.09.30"]

1. d4 d5 2. Nf3 Nf6 3. e3 e6 4. Bd3 c5 5. c3 Be7 6. Nbd2 Nc6 7. O-O c4 8. Bc2
b5 9. e4 dxe4 10. Nxe4 Qc7 11. Nxf6+ Bxf6 12. d5 Ne5 13. Nxe5 Bxe5 14. f4 Bd6
15. dxe6 Bxe6 16. f5 O-O-O 17. Qg4 h5 18. Qh3 Bd7 19. Be3 f6 20. Rae1 g5 21.
Bd4 Bc5 1/2-1/2